Geosystems : an introduction to physical geography / (Record no. 676)

000 -LEADER
fixed length control field 00795cam a22002414a 4500
001 - CONTROL NUMBER
control field 16229034
003 - CONTROL NUMBER IDENTIFIER
control field OSt
005 - DATE AND TIME OF LATEST TRANSACTION
control field 20140116120835.0
008 - FIXED-LENGTH DATA ELEMENTS--GENERAL INFORMATION
fixed length control field 100512s2012 mauab 001 0 eng
020 ## - INTERNATIONAL STANDARD BOOK NUMBER
International Standard Book Number 9780321770769
040 ## - CATALOGING SOURCE
Transcribing agency DLC
050 00 - LIBRARY OF CONGRESS CALL NUMBER
Classification number GB54.5.C47 2012
100 1# - MAIN ENTRY--PERSONAL NAME
Personal name Christopherson, Robert W.
245 10 - TITLE STATEMENT
Title Geosystems : an introduction to physical geography /
Statement of responsibility, etc Robert W. Christopherson.
250 ## - EDITION STATEMENT
Edition statement 8th ed.
260 ## - PUBLICATION, DISTRIBUTION, ETC. (IMPRINT)
Place of publication, distribution, etc Boston :
Name of publisher, distributor, etc Prentice Hall,
Date of publication, distribution, etc 2012.
300 ## - PHYSICAL DESCRIPTION
Extent xxvii, 623, [37] p. :
Other physical details col. ill., col. maps
500 ## - GENERAL NOTE
General note Includes index.
650 #0 - SUBJECT ADDED ENTRY--TOPICAL TERM
Topical term or geographic name as entry element Physical geography.
906 ## - LOCAL DATA ELEMENT F, LDF (RLIN)
a 7
b cbc
c orignew
d 1
e ecip
f 20
g y-gencatlg
942 ## - ADDED ENTRY ELEMENTS (KOHA)
Source of classification or shelving scheme
Koha item type Book
Holdings
Withdrawn status Lost status Source of classification or shelving scheme Damaged status Not for loan Home library Current library Date acquired Source of acquisition Total Checkouts Full call number Barcode Date last seen Date checked out Copy number Price effective from Koha item type Total Renewals
          Riara University Library Riara University Library 26/10/2011 Purchase 7 GB54.5.C47 2012 1683/11 23/07/2025 19/03/2024 C.1 26/10/2011 Book  
          Riara University Library Riara University Library 26/10/2011 Purchase 5 GB54.5.C47 2012 1684/11 07/03/2016 23/02/2016 C.2 26/10/2011 Book  
          Riara University Library Riara University Library 26/10/2011 Purchase 1 GB54.5.C47 2012 1682/11 23/10/2014 23/09/2014 C.3 26/10/2011 Book 1

Riara University Library,
P.O. Box 49940-00100,
Nairobi, Kenya.